Progress in industrial microbiology

Guardat en:
Dades bibliogràfiques
Autor principal: Hockenhull, D. J (Autor)
Format: Llibre
Idioma:anglès
Publicat: Nueva York Interscience 1959
Matèries:
Etiquetes: Afegir etiqueta
Sense etiquetes, Sigues el primer a etiquetar aquest registre!

MARC

LEADER 00000nam a2200000 a 4500
001 UCU4683
003 CL-VaPUC
008 960524e19590000US |||||||||||||||||eng|d
082 0 4 |a 660.62  |b HOC  |2 21 
100 0 |a Hockenhull, D. J  |e author  |9 362352 
245 1 0 |a Progress in industrial microbiology 
300 |a v 
942 |c BK 
945 |d 19960524 00:00:00  |a paguirre 
260 |a Nueva York  |b Interscience  |c 1959 
650 0 |a Microbiología   |9 259706 
650 0 |a Bioquímica   |9 259492 
650 7 |a PENICILINAS  |2 CL-VaPUC  |9 362353 
650 0 |a Fermentación  |9 259565 
650 0 |a Microbios  |9 326597 
583 |a last modification  |c 19960524 00:00:00  |k Rodrigo Vera 
999 |c 248293  |d 248291 
952 |0 0  |1 0  |4 0  |6 660_620000000000000_HOC_1959  |7 0  |8 A  |9 264812  |a BIBING  |b BIBING  |d 2019-11-19  |h v.1  |i 1664816  |o 660.62 HOC 1959  |p 1664816  |r 2025-01-20  |w 2019-11-19  |y BK  |k ING